Statistics for Taylor Swift 1989 Songs

Click here to take the quiz!

General Stats

  • This quiz has been taken 168 times
  • The average score is 12 of 13

Answer Stats

HintAnswer% Correct
"You've got that James Dean day dream look in your eye"style
100%
"Got along with ex list lovers"blank space
99%
"Are we in the clear yet"out of the woods
98%
"Band aids don't fix bullet holes"bad blood
96%
"I go on to many dates, but I can't make them stay"shake it off
95%
"I'ts been waiting for you"welcome to new york
93%
"Rain came pouring down when I was drowning That's when I could finally breathe"clean
92%
"Red lips and rosy cheeks"wildest dreams
92%
"This love is good, this love is bad"this love
91%
"They are the hunters, we are the foxes"i know places
85%
"I want you for worse or for better"how you get the girl
79%
"Put me in the palm of your hand"all you had to do was stay
76%
"You always knew how topush my buttons"I wish you would
72%

Score Distribution

Percentile by Number Answered

Percent of People with Each Score

Your Score History

You have not taken this quiz